Masterpiece - ATEEZ - Statistics

General Stats
  • This quiz has been taken 7 times
  • The average score is 49 of 291
Answer Stats
Hint Answer % Correct
i
67%
a
33%
baby
33%
come
33%
for
33%
in
33%
it
33%
it??
33%
make
33%
masterpiece
33%
my
33%
geujeo geureon nal nega deweo jweo | tteugeo tteugeo oh
33%
on
33%
chaeweo ga ooh
33%
shake
33%
take
33%
up
33%
want
33%
we
33%
yeah!!
33%
yeah
33%
you
33%
your
33%
aint
0%
all
0%
and
0%
are
0%
art
0%
babe
0%
can
0%
cant
0%
chang
0%
change
0%
chanka
0%
do
0%
dollar
0%
down
0%
(WY) gwanshim eopseo flexin
0%
from
0%
god
0%
got
0%
guess
0%
honey
0%
bulpan gateun maeumeul dwijipgo tto dwijibeo huh
0%
im
0%
into
0%
is
0%
just
0%
know
0%
lady
0%
last
0%
left
0%
(SN) neo eopshi nan munje lets
0%
(JH) bameun yeongweonhae living
0%
lock
0%
love
0%
me
0%
million
0%
motivated
0%
move
0%
name
0%
night
0%
now
0%
of
0%
paint
0%
neon geurigo nan bureuda part
0%
piece
0%
pieces
0%
price
0%
put
0%
neowa naye race
0%
realize
0%
right
0%
(YS) machi mulgamcheoreom seoro seokkyeo right?
0%
rings
0%
round
0%
shiny
0%
skill
0%
that
0%
the
0%
they
0%
thing
0%
though
0%
to
0%
touch
0%
(HJ) geoteonaedo joa yeobaege mi geogie geu nuguwado bigyohal su eomneun unique
0%
what
0%
woah
0%
write
0%
No matching quizzes found
Score Distribution
Percent of People with Each Score
Percentile by Number Answered
Your Score History
You have not taken this quiz